| 000 | 00956nam a22003017a 4500 | ||
|---|---|---|---|
| 003 | CHAP | ||
| 005 | 20220329135220.0 | ||
| 008 | 971013s1962 r 00010 d | ||
| 010 | _a32745 | ||
| 011 | _a33717 | ||
| 035 | _a37833 | ||
| 040 | _cCHAP | ||
| 082 |
_a630.9895 _bE5 |
||
| 100 | 0 | 0 |
_aElgueta, Manuel. _936276 |
| 245 | _aEnsayo en cooperación técnica | ||
| 260 |
_aMontevideo : _bInstituto Interamericano de Ciencias Agrícolas de la OEA, _c1962 |
||
| 300 |
_a138 p. _b: ilus. |
||
| 590 |
_aBATCH-UPD _b10 _c20130110 _lUCH01 _h1930 |
||
| 590 |
_aBATCH-UPD _b10 _c20130410 _lUCH01 _h1255 |
||
| 590 |
_aBATCH-UPD _b10 _c20130914 _lUCH01 _h0503 |
||
| 590 |
_aCONVERSION _b10 _c20130109 _lUCH01 _h1318 |
||
| 650 | 1 | 4 |
_aAgricultura _zUruguay. _91940 |
| 650 | 1 | 4 |
_aAyuda técnica. _99035 |
| 650 | 1 | 4 |
_aCooperación agrícola internacional. _927767 |
| 901 | _aBK | ||
| 942 | _cLIBRO | ||
| 949 |
_a630.9895 E5 _bBC _cLIBRO _d-86648 _eLIBRO _h20474 _i37833 _mD _si |
||
| 999 |
_c32745 _d32745 |
||